000
00218nam a2200097Ia 4500
008
230605s9999 xx 000 0 und d
041
_a
eng
100
_a
jerrmy
245
_a
Oxforda-z of english usage
650
_a
Dict.
999
_c
417351
_d
417351